Statistiques concernant Clubs de football commençant par W

Cliquez ici pour prendre le quiz!

Statistiques générales

  • Ce quiz a été pris 207 fois
  • Le résultat moyen est 7 sur 12

Statistiques - réponses

Réponse% Correct
West Ham
99%
Wolfsburg
94%
Wolverhampton
91%
Watford
87%
Werder Brême
87%
West Bromwich Albion
72%
Wigan Athletic
65%
Willem II
38%
Whitecaps Vancouver
35%
Wimbledon
31%
Walsall
18%
Warta Poznań
2%

Distribution des résultats

Percentile par nombre de réponses

% des personnes avec chaque résultat

Votre développement - résultats

Vous n’avez pas pris ce quiz